000 00339nam a2200133Ia 4500
008 240624s9999 xx 000 0 und d
041 _aeng
082 _a361.0072 MAC
100 _aMACLNNES JOHN
245 _aINTRODUCTION TO SECONDARY DATA ANALYSIS
260 _c2017
_aNew Delhi
_bSage
300 _ax, 324 p.; 23 cm.
365 _cBPS
_b32
999 _c30114
_d30114